| 000 | 00413nam a22001697a 4500 | ||
|---|---|---|---|
| 999 |
_c478465 _d478465 |
||
| 003 | NUST | ||
| 005 | 20180601040622.0 | ||
| 008 | 180601b ||||| |||| 00| 0 eng d | ||
| 020 | _a9788177589160 | ||
| 038 | _aSNS Library | ||
| 082 | _a530.12 | ||
| 100 | _4J.J. Sakurai | ||
| 245 |
_aAdvanced Quantum Mechanics _cJ.J. Sakurai |
||
| 260 |
_aIndia _bPearson _c2009 |
||
| 300 |
_a344 p. _bPb. |
||
| 942 |
_2ddc _cBK |
||